[Event "EIWCC 2018"]
[Site "Vysoke Tatry"]
[Date "2018.04.11"]
[Round "4"]
[White "Arakhamia-Grant, Ketevan"]
[Black "Stefanova, Antoaneta"]
[Result "0-1"]
[WhiteElo "2347"]
[BlackElo "2479"]
[Annotator "TA"]
[PlyCount "110"]
[EventDate "2018.??.??"]
[EventType "swiss"]
[EventCountry "SVK"]
[SourceTitle "playchess.com"]
[Source "ChessBase"]
[SourceQuality "1"]

{[%evp 21,110,0,60,24,44,33,37,5,31,0,0,0,53,79,66,18,4,13,0,-76,-66,-69,-40,-109,-101,-106,-92,-105,-76,-77,-89,-64,-82,-235,-238,-232,-233,-326,-354,-344,-352,-332,-336,-496,-327,-326,-325,-325,-323,-325,-318,-316,-310,-310,-310,-397,-381,-352,-329,-388,-350,-616,-591,-510,-541,-775,-769,-701,-739,-635,-655,-647,-622,-531,-489,-593,-572,-658,-654,-626,-608,-752,-712,-731,-758,-762,-725,-654,-574,-826,-805]} 1. e4 e5 2. Nf3 Nc6 3. Bb5 a6 4. Ba4 g6 5. c3 Bg7 6. O-O Nge7 7. d4 exd4 8. cxd4 b5 {C60: Ruy Lopez: Unusual Black 3rd moves and 3...g6} 9. Bb3 (9. Bc2 d6 10. Nc3 Bg4 11. Be3 O-O 12. Qd2 Bxf3 13. gxf3 f5 14. Ne2 Qd7 15. Kh1 Kh8 16. a4 {1-0 (47) Saric,I (2669)-Movsesian,S (2647) Riadh 2017}) 9... O-O 10. Nc3 d6 11. h3 h6 {LiveBook: 8 Games} (11... Na5 $11) 12. a3 Kh7 13. Bf4 $146 ({Predecessor:} 13. Be3 Na5 {0-1 (26) Shetty,R (2192)-Shyam,N (2420) Nagpur 2015}) 13... Na5 14. Bc2 Nc4 15. Qc1 f5 16. b3 fxe4 ({Black should try} 16... Nb6 $11) 17. Bxe4 $14 d5 18. Bxc7 (18. Bc2 {keeps more tension.} Na5 19. Ne2 Bf5 20. Be5 Bxc2 21. Qxc2 Nac6 22. Bxg7 Kxg7 23. Rfe1) 18... Qd7 $1 $132 {[%mdl 2048] Black is not keeping still} 19. Nxd5 Nxd5 20. bxc4 (20. Nh4 $11 Rf6 21. bxc4 Nxc7 22. Qc2) 20... Nxc7 $17 21. cxb5 Rb8 22. Ne5 (22. Nh4 $15 Bb7 23. Bxg6+ Kg8 24. Qc2) 22... Bxe5 $1 (22... Qxd4 23. Bxg6+ Kh8 24. Nf7+ Rxf7 25. Bxf7 $11) 23. dxe5 axb5 24. Qc2 Qg7 25. Bxg6+ Kh8 {Hoping for ...Bxh3!} 26. f4 Nd5 27. Qd2 $2 (27. f5 $17 {might work better.}) 27... Qxg6 $19 28. Qxd5 Bxh3 29. Rac1 {[#]} Rg8 $1 30. Rf2 {intending Rc6.} Rbd8 31. Qf3 Rd3 32. f5 (32. Rc6 $142 Rxf3 33. Rxg6 Rxg6 34. Rxf3 Bxg2 35. Rc3) 32... Rxf3 33. fxg6 Rxf2 ({Not} 33... Rxa3 34. gxh3 Rxg6+ 35. Rg2 $11) 34. Kxf2 {[%mdl 4096] Endgame KRB-KR} Bf5 35. Rc5 Rb8 ({Don't play} 35... Rxg6 36. Rxb5 Ra6 37. Rb4 $19) 36. Ke3 Rb6 ({Don't do} 36... Bxg6 37. Rc6 $19) 37. Kf4 Bxg6 38. Rc7 Kg8 39. Ra7 Bf7 40. g3 Kf8 41. Kf5 $2 (41. Ra8+ Ke7 42. g4) 41... Be6+ {Black is clearly winning.} 42. Ke4 Rc6 43. Ra5 Rc4+ 44. Ke3 Bd7 45. Ra6 Rc6 46. Ra8+ Ke7 47. Rh8 Rg6 48. Kf4 Be8 49. Kf5 {[#] And now Rxe8+! would win.} Bf7 50. Rb8 Rg5+ 51. Kf4 Be8 52. Rb7+ Bd7 53. Rb6 Rg4+ 54. Kf3 h5 55. e6 Be8 {Precision: White = 29%, Black = 84%.} 0-1

[Event "EIWCC 2018"]
[Site "Vysoke Tatry"]
[Date "2018.04.11"]
[Round "4"]
[White "Cosma, Elena-Luminita"]
[Black "Solozhenkina, Elizaveta"]
[Result "1-0"]
[WhiteElo "2340"]
[BlackElo "2236"]
[Annotator "TA"]
[PlyCount "171"]
[EventDate "2018.??.??"]
[EventType "swiss"]
[EventCountry "SVK"]
[SourceTitle "playchess.com"]
[Source "ChessBase"]
[SourceQuality "1"]

{[%evp 21,171,6,29,11,9,20,22,9,29,33,43,30,20,37,25,15,32,21,29,22,24,22,17,24,52,37,44,32,21,20,25,29,29,26,46,41,46,41,63,30,33,22,22,20,20,16,20,13,17,0,0,0,0,0,20,0,38,40,52,50,58,50,50,38,38,38,38,27,21,18,38,38,46,40,53,51,107,98,114,44,97,93,112,92,196,226,205,196,187,109,292,287,286,284,284,261,220,183,273,271,275,266,267,261,238,228,326,206,378,179,391,360,606,591,678,669,568,170,269,248,922,922,814,781,850,665,665,650,591,489,483,210,474,452,452,431,572,672,641,586,1507,1400,1488,1468,1291,1297,1203,1160,1027,995,904,879]} 1. Nf3 Nf6 2. g3 e6 3. Bg2 d5 4. O-O Be7 5. c4 O-O 6. d4 dxc4 7. Qc2 b6 {E05: Open Catalan: 5 Nf3 Be7} 8. Bg5 Nd5 9. Bxe7 Qxe7 10. Qxc4 Ba6 11. Qc2 c5 {LiveBook: 3 Games} 12. Nc3 Nd7 {[%cal Bb8d7,Bd7c5,Bc5e4][%mdl 32]} 13. Nxd5 exd5 14. Rfe1 Bb7 15. dxc5 $146 ({Predecessor:} 15. Qa4) 15... Nxc5 16. Rad1 Rac8 17. Nd4 g6 18. Qd2 Rfd8 19. Rc1 Ne4 20. Qe3 Qb4 21. Rb1 Re8 22. Red1 Qa5 {White should prevent ...Nc3.} 23. Qh6 Qb4 24. Bh3 Rc4 25. Nf5 {[%csl Gf5][%cal Rh6g7]} Qf8 26. Qxf8+ Kxf8 27. Nd4 f5 28. e3 a6 29. Bf1 Rc5 30. Rbc1 Ke7 31. Nb3 Rxc1 32. Rxc1 Kd6 33. Nd4 Rc8 34. Rd1 (34. Rxc8 {feels hotter.} Bxc8 35. f3 Ng5 36. Kf2 a5 37. Ke1) 34... Nc5 35. h4 Ne6 36. Bd3 Nxd4 37. exd4 $11 {[%mdl 4096] Endgame KRB-KRB} Re8 38. Kg2 Re7 39. Kf3 Ke6 40. Rc1 Kf6 41. Rc3 Re8 42. Rb3 Re6 $1 43. Ra3 a5 44. b4 axb4 45. Rb3 (45. Ra7 {looks sharper.} Re7 46. Ra4 Re6 47. Kg2 Bc6 48. Rxb4 Bd7 49. Kf3) 45... Rc6 46. Rxb4 Bc8 47. Rb3 Be6 48. Ke3 Kf7 (48... h6 $14) 49. Ra3 $1 $16 Kf6 50. Ra7 (50. Bb5 $16 Rc8 51. Ra7) 50... Bf7 (50... f4+ $14 51. Kd2 (51. Kxf4 Rc3 $11) (51. gxf4 Bf5 $14) 51... fxg3 52. fxg3 h6) 51. Kd2 h6 52. Rb7 Be6 (52... g5 $16) 53. Bb5 Rd6 54. f4 $1 Bf7 55. Kc3 ({White should try} 55. a4 $18) 55... Be6 $2 (55... g5 $16) 56. Kb4 $18 Bg8 57. Bd7 Bf7 58. a4 g5 59. Bb5 gxf4 (59... Bg6 $142 60. hxg5+ hxg5) 60. gxf4 Bh5 61. Rh7 Bg6 62. Rc7 Bh5 {[#]} 63. Rb7 $1 Bd1 (63... Bf7 $142 64. Rd7 Rxd7 65. Bxd7 Ke7 66. Bxf5 Kd6) 64. Rh7 h5 $2 (64... Kg6 {keeps fighting.} 65. Rd7 Re6) 65. Rc7 (65. Be8 $142) 65... Ke6 $2 (65... Re6 66. Rb7 Bf3) 66. Bd3 Kf6 $2 (66... Bf3 67. Kb5 Bd1) 67. Rc1 Bf3 68. Kb5 Re6 69. Bf1 $2 (69. Ka6 Ke7 70. Rc7+ (70. Bxf5 Rf6 $16) 70... Kf8 71. Rb7 (71. Bxf5 Be2+ 72. Kb7 Rf6 $16)) 69... Ke7 {[#]} (69... Re4 {was necessary.}) 70. Ka6 $1 Kd7 $2 (70... Re4) 71. Bb5+ Kd8 72. Kb7 {aiming for Rc8+.} Re4 73. Rc8+ Ke7 74. Rc7+ Kd6 75. Rc6+ Ke7 76. Rc3 (76. Kxb6 $142 {Threatens to win with a5.} Rxd4 77. a5 Rxf4 78. a6) 76... Bg2 $2 (76... Bd1 77. Rc7+ (77. Kxb6 Bxa4 78. Bxa4 Rxd4 $16) 77... Kd6) 77. Rg3 {White is clearly winning.} Bh1 78. Rd3 Rxf4 79. Kxb6 Be4 80. Re3 Rf2 81. a5 {[%cal Ba4a5,Ba5a6][%mdl 32]} Ra2 82. a6 f4 83. Re1 Kd6 84. a7 f3 85. Rg1 Bf5 86. Rg8 {Precision: White = 59%, Black = 44%.} 1-0

[Event "EIWCC 2018"]
[Site "Vysoke Tatry"]
[Date "2018.04.11"]
[Round "4"]
[White "Unuk, Laura"]
[Black "Melia, Salome"]
[Result "1-0"]
[WhiteElo "2329"]
[BlackElo "2411"]
[Annotator "TA"]
[PlyCount "73"]
[EventDate "2018.??.??"]
[EventType "swiss"]
[EventCountry "SVK"]
[SourceTitle "playchess.com"]
[Source "ChessBase"]
[SourceQuality "1"]

{[%evp 18,73,24,10,31,25,34,40,66,65,89,31,108,31,49,21,19,-52,0,0,6,8,2,6,6,6,3,8,11,0,24,8,27,0,0,0,311,310,374,324,420,391,451,432,474,462,533,409,465,452,662,534,668,645,29990,29991,29992,29985]} 1. Nf3 Nf6 2. c4 d6 3. g3 g6 4. Bg2 Bg7 5. d4 Bf5 6. O-O O-O 7. b3 Qc8 8. Bb2 Bh3 9. Nbd2 Bxg2 {E60: King's Indian: Unusual lines and Fianchetto Variation without Nc3} 10. Kxg2 {LiveBook: 6 Games} Nc6 $146 ({Predecessor:} 10... e5 11. dxe5 Nfd7 12. Qc2 Nxe5 13. Nxe5 dxe5 14. Rad1 Qe6 15. Ne4 Na6 16. Ba3 Rfe8 17. Rd2 {½-½ (67) Anton Guijarro,D (2607)-Vocaturo,D (2590) Germany 2014}) 11. e4 e5 {White has an edge.} 12. d5 Ne7 13. c5 Nh5 14. h3 (14. Ba3 $16) 14... dxc5 (14... Qd7 $14) 15. Qc2 (15. Nxe5 $16 f5 16. Qc1) 15... f5 $14 16. Ng5 {Hoping for Qc4.} fxe4 17. Qxe4 (17. Qc4 $11 Nf5 18. Ndxe4 (18. Qxc5 e3 $11) (18. Ngxe4 b6 $15)) 17... Qd7 (17... Nf6 $1 $15 18. Qxe5 Nexd5) 18. Ne6 $11 Rfe8 19. Nxc5 Qxd5 20. Qxd5+ Nxd5 21. Nxb7 e4 $132 {[%mdl 2048] Black is not keeping still} 22. Bxg7 Nxg7 23. Nc4 Nf5 24. Rfd1 Nb6 25. g4 Nh4+ 26. Kg3 Rf8 $2 {[%mdl 8192] [#]} (26... Nxc4 $11 27. bxc4 (27. Kxh4 Nb2 $11) 27... Nf3) 27. Kxh4 $18 Rxf2 28. Rf1 Rg2 29. Ne3 Re2 30. Rfe1 Rf2 31. Nc5 h6 32. Rf1 Re2 33. Rae1 Rxa2 (33... Rxe1 $142 34. Rxe1 Rd8 35. Nxe4 Rd3) 34. Nxe4 Kg7 35. g5 Re8 36. gxh6+ Kxh6 37. Ng5 {Precision: White = 42%, Black = 34%.} 1-0

[Event "EIWCC 2018"]
[Site "Vysoke Tatry"]
[Date "2018.04.11"]
[Round "4"]
[White "Rapport, Jovana"]
[Black "Kubicka, Anna"]
[Result "1-0"]
[WhiteElo "2328"]
[BlackElo "2215"]
[Annotator "TA"]
[PlyCount "131"]
[EventDate "2018.??.??"]
[EventType "swiss"]
[EventCountry "SVK"]
[SourceTitle "playchess.com"]
[Source "ChessBase"]
[SourceQuality "1"]

{[%evp 13,131,31,33,33,34,31,37,29,29,10,16,0,79,78,59,61,75,68,72,72,100,88,81,104,102,112,167,121,333,330,316,341,345,285,289,295,273,255,265,260,273,190,213,212,217,212,269,292,291,271,283,306,297,172,329,30,330,170,410,340,306,317,473,447,465,445,725,616,561,354,339,338,447,443,576,563,599,596,597,596,594,580,525,529,552,580,876,862,846,840,785,740,2009,1822,1538,1551,1451,1520,1445,1429,1235,1237,1196,971,29973,29975,29975,29976,29984,29975,29983,29984,29987,29988,29989,29988,29988,29986,29987,29988]} 1. d4 Nf6 2. Nf3 d6 3. g3 g6 4. Bg2 Bg7 5. O-O O-O 6. a4 {[%cal Ba2a4,Ba4a5,Ba5a6][%mdl 32]} Nbd7 7. a5 e5 {LiveBook: 3 Games. A49: 1 d4 Nf6 2 Nf3 g6 3 g3: Anti-King's Indian systems} (7... Rb8 8. Nbd2 e5 9. dxe5 Nxe5 10. Nxe5 dxe5 11. Nc4 Qe7 12. b3 Rd8 13. Ba3 Qe8 14. Qc1 Bg4 15. Qe3 {½-½ (34) Kazhgaleyev,M (2570)-Amonatov,F (2602) Tashkent 2016}) 8. a6 e4 9. Nfd2 d5 {White is slightly better.} 10. c4 {[%cal Bc2c4,Bc4c5][%mdl 32]} c6 11. axb7 Bxb7 12. Nc3 Nb6 $146 {[#]} (12... a5 $11) ({Predecessor:} 12... a5 13. Nb3 dxc4 14. Nc5 Nxc5 15. dxc5 {1-0 (67) Mitrabha,G (2286)-Cheela Naga,S (1890) Kolkata 2016}) 13. c5 $1 $16 {[%cal Rc5b6]} Nc8 14. Nb3 Ne7 15. Bf4 Ne8 16. Qd2 f6 17. h4 Bc8 18. Na5 Bd7 19. b4 Qc8 (19... Nc7 $16) 20. Ra3 Nf5 $2 {[#]} (20... Nc7 $16 {keeps fighting.}) 21. b5 $1 $18 {[%mdl 512]} g5 (21... cxb5 22. Nxd5) 22. bxc6 Bxc6 23. Bh3 gxf4 24. Bxf5 (24. Qxf4 Bd7 $16) 24... Qxf5 25. Nxc6 Qd7 {[#]} 26. Nxd5 $1 {[%mdl 512]} Kh8 (26... Qxd5 27. Ne7+) 27. Ncb4 (27. Qxf4 Qxd5 28. Nxa7 Rf7 $15) (27. Nxf4 Qxc6 28. e3 Bh6 $11) 27... e3 28. fxe3 fxg3 29. e4 Qh3 {[%csl Gg3][%cal Rh3h2]} 30. e3 Qxh4 31. Qg2 a5 32. Nc6 f5 33. exf5 (33. e5 $142) 33... Ra6 $2 (33... Nf6 {might work better.}) 34. Nb6 $2 (34. Nxa5 Bxd4 35. Rf4 (35. exd4 Qxd4+ 36. Ne3 Rxa5 $17) 35... Qh2+ 36. Qxh2 gxh2+ 37. Kh1 (37. Kxh2 $2 Bxc5 38. Nb4 Rb6 $19) 37... Bxc5 $11) (34. Ne5 $18) 34... Nf6 $2 {[%mdl 8192]} (34... Nd6 $1 $11) 35. Ne5 ({And not} 35. Rxa5 Ng4 $11) (35. Qh1 $142 Qg5 36. Ne5) 35... Bh6 $2 (35... Ng4) 36. Rf3 Ne4 37. Qh1 Qg5 (37... Qxh1+ $142 38. Kxh1 Nd2 39. Rxg3 Rxf5) 38. Rf4 Nf2 39. Qh4 Qg7 (39... a4 $142 40. Nbd7 Rxf5 41. Qxg5 Rxg5 42. Nf7+ Kg7 43. Nxg5 Bxg5) 40. Rf3 Bg5 41. Qxg3 Ne4 42. Qg4 Nxc5 43. f6 ({Not} 43. dxc5 Qxe5 44. Qd4 Qg7 $18) 43... Bxf6 44. Qxg7+ ({Weaker is} 44. dxc5 Bxe5 45. Qxg7+ Bxg7 $14) 44... Kxg7 45. dxc5 Bxe5 46. Rxf8 Kxf8 {[%mdl 4096] Endgame KRB-KRN} 47. Nd7+ Ke7 48. Nxe5 {KRN-KR} Ke6 49. Nd3 Ra7 50. e4 h5 51. Kf2 h4 52. Ke3 h3 53. Nf4+ Ke5 54. Nxh3 Rg7 55. Kf3 Rf7+ 56. Ke2 Rb7 57. Kd3 Rg7 58. Kc4 Kxe4 59. c6 {[%cal Bc5c6,Bc6c7][%mdl 32] White mates.} Ke5 60. Kc5 a4 61. Re3+ Kf6 62. Nf4 Rg5+ 63. Nd5+ Kf7 64. c7 Rg8 65. Kc6 a3 66. Rxa3 {Precision: White = 71%, Black = 36%.} 1-0

[Event "EIWCC 2018"]
[Site "Vysoke Tatry"]
[Date "2018.04.11"]
[Round "4"]
[White "Klek, Hanna Marie"]
[Black "Motycakova, Monika"]
[Result "1/2-1/2"]
[WhiteElo "2327"]
[BlackElo "2207"]
[Annotator "ChessBase"]
[PlyCount "82"]
[EventDate "2018.??.??"]
[EventType "swiss"]
[EventCountry "SVK"]
[SourceTitle "playchess.com"]
[Source "ChessBase"]
[SourceQuality "1"]
[TimeControl "40/5400+30:1800+30"]

1. e4 {[%emt 0:00:00]} e5 {[%emt 0:00:06]} 2. Bc4 {[%emt 0:00:00]} Nf6 {[%emt 0:00:13]} 3. d3 {[%emt 0:00:00]} Nc6 {[%emt 0:00:18]} 4. Nc3 {[%emt 0:00:00]} Na5 {[%emt 0:00:31]} 5. Qf3 {[%emt 0:00:00]} c6 {[%emt 0:00:42]} 6. Nge2 {[%emt 0:00:07]} b5 {[%emt 0:00:41]} 7. Bb3 {[%emt 0:00:06]} Bc5 {[%emt 0:00:08]} 8. Ng3 {[%emt 0:00:11]} Nxb3 {[%emt 0:04:23]} 9. axb3 {[%emt 0:00:07]} d6 {[%emt 0:03:25]} 10. h3 {[%emt 0:00:05]} h6 {[%emt 0:05:13]} 11. O-O {[%emt 0:01:18]} O-O {[%emt 0:00:57]} 12. Nce2 {[%emt 0:05:49]} Re8 {[%emt 0:10:31]} 13. Nf5 {[%emt 0:01:12]} Bxf5 {[%emt 0:02:33]} 14. Qxf5 {[%emt 0:00:12]} Qd7 {[%emt 0:10:05]} 15. Qf3 {[%emt 0:03:06]} Re6 {[%emt 0:07:49]} 16. Ng3 {[%emt 0:01:43]} d5 {[%emt 0:08:01]} 17. Nf5 {[%emt 0:05:15]} Kh7 {[%emt 0:02:18]} 18. Ra6 {[%emt 0:08:09]} Qb7 {[%emt 0:05:07]} 19. Ra2 {[%emt 0:01:07]} Rd8 {[%emt 0:06:30]} 20. Qg3 {[%emt 0:05:46]} Bf8 {[%emt 0:04:28]} 21. Be3 {[%emt 0:06:24]} a6 {[%emt 0:00:16]} 22. Rfa1 {[%emt 0:07:26]} d4 {[%emt 0:01:20]} 23. Bd2 {[%emt 0:01:37]} c5 {[%emt 0:00:11]} 24. f4 {[%emt 0:07:35]} exf4 {[%emt 0:04:25]} 25. Bxf4 {[%emt 0:00:59]} Rd7 {[%emt 0:08:26]} 26. Qh4 {[%emt 0:07:05]} Ng8 {[%emt 0:02:09]} 27. Qf2 {[%emt 0:03:36]} Ne7 {[%emt 0:01:12]} 28. b4 {[%emt 0:10:36]} Ng6 {[%emt 0:06:51]} 29. bxc5 {[%emt 0:02:00]} Nxf4 {[%emt 0:01:46]} 30. Qxf4 {[%emt 0:00:08]} Bxc5 {[%emt 0:00:12]} 31. Rf1 {[%emt 0:01:54]} Ba7 {[%emt 0:01:03]} 32. g3 {[%emt 0:04:16]} Bb8 {[%emt 0:00:59]} 33. Qd2 {[%emt 0:00:11]} Rg6 {[%emt 0:01:23]} 34. Rf3 {[%emt 0:00:17]} Be5 {[%emt 0:00:31]} 35. Kg2 {[%emt 0:02:02]} Qc8 {[%emt 0:00:44]} 36. b3 {[%emt 0:01:09]} Rc7 {[%emt 0:00:42]} 37. Rf2 {[%emt 0:01:24]} Rc3 {[%emt 0:01:10]} 38. Qd1 {[%emt 0:03:36]} Qc7 {[%emt 0:00:58]} 39. g4 {[%emt 0:04:16]} Rc5 {[%emt 0:00:57]} 40. Kh1 {[%emt 0:00:00]} Rf6 {[%emt 0:00:33]} 41. Qd2 {[%emt 0:12:18]} Rfc6 {[%emt 0:11:53]} 1/2-1/2

[Event "EIWCC 2018"]
[Site "Vysoke Tatry"]
[Date "2018.04.11"]
[Round "4"]
[White "Tomilova, Elena"]
[Black "Huda, Maryana"]
[Result "1-0"]
[WhiteElo "2326"]
[BlackElo "2161"]
[Annotator "TA"]
[PlyCount "117"]
[EventDate "2018.??.??"]
[EventType "swiss"]
[EventCountry "SVK"]
[SourceTitle "playchess.com"]
[Source "ChessBase"]
[SourceQuality "1"]

{[%evp 26,117,-9,-6,14,0,7,1,16,17,54,9,18,19,26,0,29,11,16,-29,13,-17,-8,-55,-52,-48,-34,-76,-88,-96,-85,-97,-45,-65,-60,-77,-68,-75,-71,-70,28,16,9,-20,-22,-81,0,0,0,0,0,-18,0,-211,-193,-152,0,0,0,0,0,-8,0,0,548,547,499,526,646,640,610,597,550,0,717,602,802,802,800,785,5206,714,29977,29977,29977,29978,29986,29983,29986,29984,29990,29991,29991,29992]} 1. Nf3 d5 2. c4 c6 3. b3 Bf5 4. Bb2 e6 5. g3 Nf6 6. Bg2 Be7 7. O-O O-O 8. d3 h6 9. Nbd2 Bh7 10. Qc2 a5 11. a3 Na6 {A12: English Opening: 1...c6 with b3 by White} 12. Rac1 (12. Ne5 Nd7 13. Nxd7 Qxd7 14. Nf3 Rfc8 15. Bc3 Qd8 16. Qb2 Bf6 17. Ne5 Nc5 18. Bd4 Qd6 19. f4 dxc4 20. dxc4 Nxb3 21. Qxb3 Qxd4+ {0-1 (49) Caruana,F (2808)-Grischuk,A (2761) Paris 2017}) 12... Re8 13. Qb1 Nd7 14. Qa1 {LiveBook: 3 Games} Bf6 15. d4 {[#]} Nc7 $146 ({Predecessor:} 15... g5 16. Rfd1 Bg7 17. h4 Qe7 18. hxg5 hxg5 {½-½ (47) Petrosian,S (2393)-Bezold,M (2510) Germany 2001}) 16. Ne5 Be7 17. e4 f6 18. Nxd7 (18. Nd3 {feels hotter.} f5 19. exd5 exd5 20. f4 Nf6 21. Rce1) 18... Qxd7 19. Rfe1 Bf8 20. Re2 Bg6 21. h3 b6 22. Kh1 Bf7 23. Nf3 c5 24. dxc5 bxc5 25. e5 d4 26. exf6 gxf6 27. Rce1 Rab8 28. Qd1 {[#]} Rb6 ({Black should play} 28... a4 $1 $17 {[%mdl 512]} 29. bxa4 e5) 29. Re4 {[%cal Rf3d4]} e5 30. Rg4+ Kh8 {And now ...a4! would win.} 31. Rh4 Bg7 32. Bc3 Rbe6 (32... Ra6 $15 33. Bd2 f5) 33. Bxa5 $11 e4 34. Ng1 {[%cal Rh4e4]} f5 $36 {[%mdl 2048] White is under pressure.} 35. Qd2 (35. Bd2 $11) 35... e3 ({Black should try} 35... Ra6 $17) 36. fxe3 Rxe3 37. Rxe3 Rxe3 38. Nf3 Ne6 {Hoping for ...Qa7.} 39. b4 $2 {[#]} (39. Qd1 $11) 39... Qa4 $1 $19 ({But not} 39... Rxa3 40. bxc5 Qa4 41. Bb6) 40. bxc5 {[%cal Rf3d4]} Qxa3 ({Better is} 40... Rxa3 $17 41. Bb6 Kg8) 41. Bb4 $11 Qb3 42. Nxd4 Qb1+ 43. Kh2 Rd3 44. Qc2 Qxb4 $4 {[%mdl 8192]} (44... Qxc2 $11 {and Black stays safe.} 45. Nxc2 Rb3) 45. Qxd3 $18 Nxd4 46. Rxd4 Qxc5 47. Rd8+ Kh7 48. Bd5 Qf2+ {[#]} 49. Bg2 $2 (49. Kh1 $1 $18 Bd4 50. Qd1 Bxd5+ 51. Rxd5) 49... Bg6 $2 {[%mdl 8192]} (49... Qc5 $11 50. Qd7 Qxc4 51. Qxf5+ Bg6) 50. Qf3 Qc2 51. Qd5 {[%csl Gd8][%cal Rd5g8]} h5 52. h4 Qc3 53. c5 (53. Qg8+ $142 Kh6 54. Rd6) 53... f4 54. gxf4 {White mates.} Qf6 55. Qg5 Qe6 56. Rd6 Qf7 57. Bd5 Qe8 {[#]} 58. Rxg6 $1 Qxg6 {[#]} 59. Bg8+ $1 {[%mdl 512] Precision: White = 45%, Black = 36%.} 1-0

[Event "EIWCC 2018"]
[Site "Vysoke Tatry"]
[Date "2018.04.11"]
[Round "4"]
[White "Kulon, Klaudia"]
[Black "Dwilewicz, Katarzyna"]
[Result "1-0"]
[WhiteElo "2319"]
[BlackElo "1967"]
[Annotator "NA"]
[PlyCount "71"]
[EventDate "2018.??.??"]
[EventType "swiss"]
[EventCountry "SVK"]
[SourceTitle "playchess.com"]
[Source "ChessBase"]
[SourceQuality "1"]
[TimeControl "40/5400+30:1800+30"]

1. e4 {[%emt 0:00:00]} e5 {[%emt 0:00:05]} 2. Nf3 {[%emt 0:00:00]} Nc6 {[%emt 0:00:03]} 3. d4 {[%emt 0:00:00]} exd4 {[%emt 0:00:09]} 4. Nxd4 {[%emt 0:00:00]} Bb4+ {[%emt 0:01:31]} 5. c3 {[%emt 0:00:27]} Be7 {[%emt 0:00:36]} 6. Bd3 {[%emt 0:01:39]} Nf6 {[%emt 0:08:45]} 7. O-O {[%emt 0:03:20]} O-O {[%emt 0:05:34]} 8. Nf5 {[%emt 0:04:48]} Bc5 {[%emt 0:06:19]} 9. Bg5 {[%emt 0:04:16]} Ne5 {[%emt 0:11:06]} 10. b4 {[%emt 0:07:05]} Bb6 $1 {[%emt 0:07:32]} 11. a4 {[%emt 0:00:06]} a5 {[%emt 0:03:10]} 12. Bc2 {[%emt 0:02:53]} h6 {[%emt 0:08:19]} 13. Be3 {[%emt 0:02:42]} Bxe3 {[%emt 0:02:24]} 14. Nxe3 {[%emt 0:00:05]} d6 {[%emt 0:01:30]} 15. h3 {[%emt 0:00:22]} c6 {[%emt 0:01:31]} 16. Qd4 {[%emt 0:04:42] [#]} ({White should play} 16. Re1 $11) 16... Nh5 {[%emt 0:19:11]} (16... Nf3+ $1 $17 17. gxf3 Bxh3) 17. f4 {[%emt 0:10:30]} Ng3 $11 {[%emt 0:12:22]} 18. Rf2 {[%emt 0:01:20]} Ng4 {[%emt 0:05:01]} 19. Nf1 {[%emt 0:16:20]} Nxf2 {[%emt 0:02:45]} 20. Nxg3 {[%emt 0:00:03]} Nxh3+ {[%emt 0:00:43]} 21. gxh3 {[%emt 0:00:01]} Qh4 {[%emt 0:00:26]} 22. Qf2 {[%emt 0:00:07]} Bxh3 {[%emt 0:00:54]} 23. Nd2 {[%emt 0:00:57]} Rfe8 {[%emt 0:00:30]} 24. Nc4 {[%emt 0:01:41]} Re6 {[%emt 0:01:17]} 25. f5 {[%emt 0:00:57]} Rf6 {[%emt 0:00:32]} 26. Rd1 {[%emt 0:01:20]} axb4 {[%emt 0:00:30]} 27. cxb4 {[%emt 0:00:08]} b5 {[%emt 0:00:34]} 28. Nb6 {[%emt 0:00:24]} Re8 {[%emt 0:00:29]} 29. a5 {[%emt 0:04:46]} d5 {[%emt 0:00:23]} 30. exd5 {[%emt 0:01:22]} cxd5 {[%emt 0:00:22]} 31. Nxd5 {[%emt 0:02:38]} Rd6 {[%emt 0:00:53]} 32. f6 {[%emt 0:00:14]} gxf6 {[%emt 0:00:30]} 33. Ne7+ {[%emt 0:00:20]} Rxe7 {[%emt 0:00:01]} 34. Rxd6 {[%emt 0:00:05]} Re5 {[%emt 0:00:37]} 35. Rd8+ {[%emt 0:00:14]} Kg7 {[%emt 0:00:02]} 36. Nf5+ {[%emt 0:00:12]} 1-0

[Event "EIWCC 2018"]
[Site "Vysoke Tatry"]
[Date "2018.04.11"]
[Round "4"]
[White "Belenkaya, Dina"]
[Black "Gaponenko, Inna"]
[Result "1/2-1/2"]
[WhiteElo "2308"]
[BlackElo "2406"]
[Annotator "TA"]
[PlyCount "31"]
[EventDate "2018.??.??"]
[EventType "swiss"]
[EventCountry "SVK"]
[SourceTitle "playchess.com"]
[Source "ChessBase"]
[SourceQuality "1"]

{[%evp 15,31,27,27,0,0,0,0,-24,-20,-25,0,0,0,-15,0,0,0,-23]} 1. e4 c5 2. Nf3 g6 3. c3 d5 4. e5 Nc6 5. d4 Bg4 6. Bb5 {B27: Sicilian: 2 Nf3, unusual Black 2nd moves} Qb6 7. Bxc6+ Qxc6 8. O-O e6 {LiveBook: 4 Games} 9. Nbd2 cxd4 $146 ({Predecessor:} 9... h5 10. dxc5 Bxc5 11. h3 Nh6 12. hxg4 hxg4 {1-0 (26) Ziska,H (2546)-Calzetta Ruiz,M (2257) Abu Dhabi 2016}) 10. cxd4 Rc8 11. Qe2 Ne7 12. b3 Qc2 13. Qb5+ $1 {The position is equal.} Qc6 14. Qe2 Qc2 15. Qb5+ Qc6 16. Qe2 1/2-1/2